A la Misteriosa Luz y a la acequia de Manresa en su sexto centenario (1345 - 1945) / Luis Soler Terol
Descripción Física:
7 p. : il. col. ; 33 cm
MARC
| LEADER | 00000nam a2200000Ia 4500 | ||
|---|---|---|---|
| 001 | 22099 | ||
| 008 | 160829s1945 xx 000 0 cat d | ||
| 080 | |a FU-47-75 | ||
| 100 | |a Soler Terol, Lluís Ma. |9 46851 | ||
| 245 | 2 | |a A la Misteriosa Luz y a la acequia de Manresa en su sexto centenario (1345 - 1945) / Luis Soler Terol | |
| 260 | |a Manresa : |b Tip. Artística J. Vergé, P. Pedro III, |c 1945 | ||
| 300 | |a 7 p. : |b il. col. ; |c 33 cm | ||
| 590 | |a Prové de 4587, exp. 58 | ||
| 650 | |a Festivitats religioses |x Manresa |x Poesia |9 47079 | ||
| 856 | 4 | |u https://media.diba.cat/diba/fitxers/arxiu/fulletons/bib_22099_baixa.pdf |y Accés lliure | |
| 856 | 4 | |u https://media.diba.cat/diba/fitxers/arxiu/fulletons/bib_22099_baixa.pdf |y Accés lliure | |
| 901 | |a Arxiu | ||
| 942 | |n 1 |2 udc | ||
| 952 | |0 0 |1 0 |4 0 |6 FU4775 |7 1 |9 53650 |a Arxiu |b Arxiu |d 2016-12-01 |l 0 |o FU-47-75 |p 22099 |r 2016-12-01 00:00:00 |w 2016-12-01 |y ARXIU | ||
| 999 | |c 57516 |d 57516 | ||
| 900 | |a bib_22099_baixa.pdf | ||